Quizzes
Events
Quiz Creation
Community
Videos
Private Events
Remove Ads
Sign In
Join for FREE
Feedback
Dark Mode
Quiz Categories
Sports
Geography
Music
Movies
Television
Just For Fun
Miscellaneous
History
Literature
Language
Science
Gaming
Entertainment
Religion
Holiday
For Kids
Quiz Lab
Recent
Popular Today
Quiz Kudos Today
Editor Picks
Curator Picks
Quizzes by...
Day
Popularity
Type
Ratings
Length
Year
Community
Subscriptions
Recent Discussions
Orange Saloon
Badges
Playlists
Quests
Create
Leaderboards
Showdown
Live 5
Trivia Bingo
Activity
Puzzle Library
Sporcle Events
Private Events
Virtual Trivia
Globe League
Become a Host
Pub Owners
SporcleCon
Opinionation
Our Games
Videos
Blog
Mobile Apps
Partnerships
Remove Ads and Go Orange
Feedback
Sports
Athletes
MLB
NBA
NHL
NFL
Soccer
Sports Teams
WWE
NCAA
Football
Premier League
Basketball
Baseball
Hockey
Golf
Tennis
Cricket
Rugby
Auto Racing
Olympics
World Cup
Sports
Athletes
MLB
NBA
NHL
NFL
Soccer
Sports Teams
WWE
NCAA
Football
Premier League
Basketball
Baseball
Hockey
Golf
Tennis
Cricket
Rugby
Auto Racing
Olympics
World Cup
Random Quiz
Search Sporcle
×
Quiz Lab
Quiz Lab
Sports
appearance
Type in answers that appear in a list
Type in answers that appear in a list
Classic
Best Score? Go Orange.
West Ham goalkeepers Stats
Can you name the goalkeepers who have appeared for West Ham since 1966?
By
JayWillo
10m
30 Questions
209 Plays
209 Plays
209 Plays
Comments
Comments
Give Quiz Kudos
Give Quiz Kudos
-
- Ratings
hide this ad
Replay
Link that replays current quiz
Next Quiz
Link to next quiz in quiz playlist
You Got
0%
They Got
Avg Score
52%
Avg Friend Score
Upgrade to see
Score Distribution
Jump to the score distribution portion of the page
Score
0/30
Timer
10:00
0
Plays Today
Year of debut
Goalkeeper
% Correct
2006
Robert Green
95.2%
2013
Adrian San Miguel
89.5%
1998
Shaka Hislop
88.9%
2001
David James
88.9%
1990
Ludek Miklosko
84.6%
1979
Phil Parkes
81.7%
2000
Stephen Bywater
81.7%
2012
Jussi Jaaskelainen
73.1%
2005
Roy Carroll
67.8%
1973
Mervyn Day
65.9%
1997
Craig Forrest
63.9%
2005
Jimmy Walker
60.6%
1967
Bobby Ferguson
58.2%
1988
Allen McKnight
58.2%
1998
Bernard Lama
57.7%
Year of debut
Goalkeeper
% Correct
1996
Les Sealey
49%
2011
Manuel Almunia
48.1%
1981
Tom McAlister
43.3%
2000
Sasa Ilic
43.3%
1996
Neil Finn
37.5%
2010
Ruud Boffin
37.5%
2000
Ian Feuer
34.1%
1969
Peter Grotier
33.7%
2009
Peter Kurucz
31.3%
2004
Pavel Srnicek
28.4%
1991
Tony Parks
27.4%
1969
Stephen Death
24.5%
1989
Perry Suckling
24.5%
1996
Steve Mautone
14.4%
1966
Colin Mackleworth
11.1%
Quiz Playlist
Details
Report
Send in Message
Add To Playlist
Classic:
Type in answers that appear in a list
Last Updated: Feb 16, 2017
Quiz Scoreboard
CHALLENGE
Sign Up to Join the Scoreboard
Show All
Scores
Hide
Comments
May contain spoilers
Recently Published
NBA Finals Game Top Scorers (2010s)
by flibbidy
Sports
5m
Guess the 'R' Things in 3 Words
by MSUKent
Miscellaneous
3m
Actor to Badly Drawn Movie III
by MoMosMoProblems
Movies
5m
More to Explore
Quiz From the Vault
Featured Blog Post
Where Does Lost Luggage Go?
hide this ad
You Might Also Like...
Tags
1966
appearance
debut
Goalkeeper
ham
West
Today's Top Quizzes in Sports
Browse Sports
hide this ad
Today's Top Quizzes in appearance
Browse appearance
Top Contributed Quizzes in Sports
1
Les joueurs à 100 buts en Ligue 1 Uber Eats
2
2022 World Cup Stars
3
2024 March Madness Bracket
4
Millionaire: NBA Finals Edition
5
Players with Multiple 50 Home Run Seasons
6
Nickname Match: Athletes VI
7
Criteria MLB: Left Handed Sluggers
8
Iconic Moments in Football - Multiple Choice
9
NFL MVPs ordered
10
First NBA MVP by Team
Explore More
Trending Topics
Marvel
Kpop
NBA
Disney
Harry Potter
Crossword
Anime
The Office
WWE
Song
Country
Puzzle
NFL
Soccer
Pokémon
hide this ad
More By:
JayWillo
Quiz
Plays
Rating
Category
Featured
Created
Premier League random questions
229
4.75
Sports
Jan 12, 2013
West Ham goalkeepers
209
Sports
Oct 30, 2012
West Ham United squad 2012-2013
182
Sports
Oct 29, 2012
West Ham goalscorers since 2002
148
Sports
Oct 29, 2012
West Ham players since 2010
147
Sports
Jan 27, 2013
Go to Creator's Profile
Score Distribution
Quiz Creator Spotlight
JayWillo
Follow
Send a Message
Quizzes Created
-
Created Quiz Play Count
-
More By This Creator
Popular Quizzes Today
1
Find the US States - No Outlines Minefield
2
Find the US States
3
The Countries of the World
4
10 Largest US States in Order
5
Find the Countries of Europe - No Outlines Minefield
6
US States
7
Guess the 'R' Things in 3 Words
8
NBA Finals Game Top Scorers (2010s)
More Sports Quizzes
F1 Tracks Damon Hill has conquered
Curator's Pick
Trending Quizzes
First Name TV: Leading Men
Match the Book to the Film II
First Name TV: Leading Women Drama
3-Word Movies in 1 Word II
Match the Book to the Film VI
Recently Updated
Women's Final Four Teams by Year
bhenderson79
Presidents Quartet II
eogle
Anything But Clue(do)
eogle
Anything But Oceanian Capitals
eogle
Anything But 7
eogle
Anything But Thing
eogle
Word Ladder: February 29
pecheneg
Song Title Questions
pecheneg
Women's NCAA Tournament #1 Seeds
pecheneg
Celebrity Mug Shots
pecheneg
Trending Topics
Anime
Disney
NBA
Harry Potter
Crossword
Marvel
Kpop
Soccer
WWE
Pokémon
Country
The Office
Puzzle
NFL
Song
Your Account Isn't Verified!
In order to create a playlist on Sporcle, you need to verify the email address you used during registration. Go to your
Sporcle Settings
to finish the process.
Report this User
Report this user for behavior that violates our
Community Guidelines
.
Details:
Send Report
Go to the Sporcle.com Mobile Site →
Comments